|
|
|
|
| LEADER |
00000cam a22000004a 4500 |
| 001 |
musev2_74612 |
| 003 |
MdBmJHUP |
| 005 |
20230905051727.0 |
| 006 |
m o d |
| 007 |
cr||||||||nn|n |
| 008 |
180926s2004 mx o 00 0 spa d |
| 020 |
|
|
|a 9786076286753
|
| 020 |
|
|
|z 9789681211561
|
| 035 |
|
|
|a (OCoLC)1056779862
|
| 040 |
|
|
|a MdBmJHUP
|c MdBmJHUP
|
| 245 |
0 |
0 |
|a Homenaje a Víctor L. Urquidi :
|b organizado por la Asociación de Académicos Daniel Cosío Villegas, El Colegio de México, 28 de junio de 2004 /
|c organizado por la Asociación de Academicos Daniel Cosío Villegas, El Colegio de Mexico, 28 de junio de 2004.
|
| 250 |
|
|
|a Primera edición.
|
| 264 |
|
1 |
|a Mexico, D.F. :
|b Colegio de Mexico,
|c 2004.
|
| 264 |
|
3 |
|a Baltimore, Md. :
|b Project MUSE,
|c 2020
|
| 264 |
|
4 |
|c ©2004.
|
| 300 |
|
|
|a 1 online resource.
|
| 336 |
|
|
|a text
|b txt
|2 rdacontent
|
| 337 |
|
|
|a computer
|b c
|2 rdamedia
|
| 338 |
|
|
|a online resource
|b cr
|2 rdacarrier
|
| 506 |
0 |
|
|a Open Access
|f Unrestricted online access
|2 star
|
| 588 |
|
|
|a Description based on print version record.
|
| 600 |
1 |
7 |
|a Urquidi, Víctor L.
|2 fast
|0 (OCoLC)fst00059513
|
| 600 |
1 |
0 |
|a Urquidi, Víctor L.
|
| 650 |
|
7 |
|a Economists.
|2 fast
|0 (OCoLC)fst00902277
|
| 650 |
|
7 |
|a College presidents.
|2 fast
|0 (OCoLC)fst00867876
|
| 650 |
|
7 |
|a BIOGRAPHY & AUTOBIOGRAPHY / Social Scientists & Psychologists
|2 bisacsh
|
| 650 |
|
0 |
|a College presidents
|z Mexico.
|
| 650 |
|
0 |
|a Economists
|z Mexico.
|
| 651 |
|
7 |
|a Mexico.
|2 fast
|0 (OCoLC)fst01211700
|
| 655 |
|
7 |
|a Electronic books.
|2 local
|
| 700 |
1 |
|
|a Urquidi, Víctor L.,
|e honouree.
|
| 710 |
2 |
|
|a Asociación de Academicos Daniel Cosío Villegas.
|
| 710 |
2 |
|
|a Project Muse.
|e distributor
|
| 830 |
|
0 |
|a Book collections on Project MUSE.
|
| 856 |
4 |
0 |
|z Texto completo
|u https://projectmuse.uam.elogim.com/book/74612/
|